00817nam a2200241Ia 450000500170000000800410001702000150005810000370007324500510011025000190016130000260018049000250020665000390023165000430027065000510031365000470036426400300041133600270044133700330046833800280050104000350052908400110056420220317001223.0160825s2003 ck g 000 0 spa  a95870602961 aCarrasquilla, Tomásd1858-194013aLa marquesa de YolombócTomás Carrasquilla a1a. edición  a449 páginasc19 cm  aBiblioteca el tiempo142LEMBaNovela colombiana ySiglo XX142LEMBaLiteratura colombiana ySiglo XX142LEMBaNovela histórica colombiana ySiglo XX142LEMB aReyes y soberanos en la literatura  aBogotábEl Tiempoc2003 atextobtxt2rdacontent asin mediaciónbn2rdamedia avolumenbnc2rdacarrier aCO-BoRNBPbspaerdacCO-BoRNBP aN CAR2